Представление документа в формате RUSMARC

ПолеНазваниеЗначение
  Тип записи a
  Библиографический уровень a
001 Контрольный номер RU/CBS_Ul/BASE/517150850
005 Дата корректировки 20240209175201.1
100 Данные общей обработки __
a Данные общей обработки 20160521d2016 ||| 0rusy0189 ca
101 Язык документа 0_
a Язык текста rus
102 Страна публикации __
a Страна публикации RU
105 Кодированные данные (монография) __
a Кодированные данные (монография) y###||||000|y
200 Заглавие и сведения об ответственности 1_
a Заглавие Свет Христов просвещает всех
b Общее обозначение материала Текст
e Сведения, относящиеся к заглавию [о научно-практической конференции "Духовно-нравственная культура в высшей школе" в Российском университете дружбы народов]
f Первые сведения об ответственности О. Каменева
300 Общие примечания __
a Общие примечания Ограничения по возрасту - 16+
461 Уровень набора _0
1 2000
a Журнал духовно-нравственной культуры "Покров"
463 Уровень физической единицы _0
1 001RU/CBS_Ul/BASE/514168631
1 2000
a № 2
v С. 36-38: фото.
1 210
d 2016
606 Тематические рубрики 0_
a Основная рубрика Православная культура
610 Ключевые слова 0_
a Ключевые слова православие
a Ключевые слова конференции
a Ключевые слова православная культура
a Ключевые слова нравственность
a Ключевые слова духовность
686 Индексы других классификаций __
a Классификационный индекс 86.372
2 Код системы ББК
700 Автор _1
a Фамилия Каменева
b Имя (инициалы) О.
801 Источник записи _0
a Страна RU
b Организация МБУК ЦБС г. Ульяновска
c Дата составления 20160521
g Правила каталогизации RCR
801 Источник записи _1
a Страна RU
b Организация МБУК ЦБС г. Ульяновска
c Дата составления 20160521
g Правила каталогизации RCR
901 Тип документа __
t Тип документа b
w Контрольный № источника RU/CBS_Ul/BASE/514168631
910 Корректоры записи __
a Корректор записи Библиотека 8
938 Служебная информация __
a Имя БД period